[Event "21st Czech GM Open"]
[Site "Pardubice CZE"]
[Date "2010.07.23"]
[Round "1"]
[White "Zadruzny,N"]
[Black "Rasik,V"]
[Result "0-1"]
[WhiteElo "2253"]
[BlackElo "2491"]
[EventDate "2010.07.23"]

1. d4 Nf6 2. Nc3 g6 3. e4 d6 4. f4 Bg7 5. Nf3 O-O 6. Bd3 Nc6 7. e5 dxe5 8.
dxe5 Nd5 9. Nxd5 Qxd5 10. Qe2 Bf5 11. Bxf5 gxf5 12. c4 Qe4 13. Qxe4 fxe4
14. Ng5 Rad8 15. Be3 Bh6 16. Nxe4 Nxe5 17. Bc5 Nd3+ 18. Kf1 Nxc5 19. Nxc5
Rd2 20. b3 b6 21. Ne4 Rc2 22. g3 Rd8 23. Re1 f5 24. Ng5 Rdd2 25. Rg1 Rf2+
0-1

[Event "21st Czech GM Open"]
[Site "Pardubice CZE"]
[Date "2010.07.23"]
[Round "1"]
[White "Sriram,J"]
[Black "Palecek,P"]
[Result "1/2-1/2"]
[WhiteElo "2490"]
[BlackElo "2252"]
[EventDate "2010.07.23"]

1. d4 Nf6 2. c4 e6 3. Nf3 d5 4. Bg5 c6 5. Nc3 h6 6. Bh4 dxc4 7. e4 g5 8.
Bg3 b5 9. Be2 Bb7 10. O-O Nbd7 11. Qc2 Qb6 12. Rad1 Be7 13. Ne5 Nxe5 14.
Bxe5 Rg8 15. Kh1 Nd7 16. Bg3 c5 17. dxc5 Nxc5 18. e5 Rg7 19. b4 cxb3 20.
axb3 a6 21. b4 Nd7 22. Ne4 Bxb4 23. Qb1 Qa5 24. Bf3 Bd5 25. Nf6+ Nxf6 26.
exf6 Rg6 27. Bxd5 exd5 28. Rxd5 Kf8 29. Rfd1 Kg8 30. Rd7 Rxf6 31. Bc7 Qa3
32. Qe4 Rf8 1/2-1/2

[Event "21st Czech GM Open"]
[Site "Pardubice CZE"]
[Date "2010.07.23"]
[Round "1"]
[White "Iskusnyh,S"]
[Black "Savitskiy,S"]
[Result "0-1"]
[WhiteElo "2480"]
[BlackElo "2245"]
[EventDate "2010.07.23"]

1. d4 Nf6 2. c4 g6 3. g3 Bg7 4. Bg2 O-O 5. Nc3 d6 6. Nf3 Nc6 7. O-O Bf5 8.
d5 Na5 9. Nd2 c5 10. e4 Bd7 11. Qc2 a6 12. b3 b5 13. Bb2 Rb8 14. Rab1 Qc7
15. Ne2 Rb7 16. Bc3 Rfb8 17. h3 e6 18. Nf4 bxc4 19. Bxa5 Qxa5 20. Nxc4 Qc7
21. dxe6 fxe6 22. Rbd1 Ne8 23. Qd2 Bd4 24. Kh2 Nf6 25. Ne2 e5 26. f4 Rf8
27. fxe5 Bxe5 28. Nxe5 dxe5 29. Nc3 Bc6 30. Qd3 Bb5 31. Nd5 Bxd3 32. Rxf6
Rxf6 33. Nxf6+ Kf7 34. Nd5 Qa5 35. Rxd3 Qxa2 36. Rc3 Rxb3 37. Rxc5 Rb2 38.
Rc7+ Ke6 39. Rc6+ Kd7 0-1

[Event "21st Czech GM Open"]
[Site "Pardubice CZE"]
[Date "2010.07.23"]
[Round "1"]
[White "Adamek,J"]
[Black "Cvek,R"]
[Result "1/2-1/2"]
[WhiteElo "2244"]
[BlackElo "2473"]
[EventDate "2010.07.23"]

1. e4 e6 2. d4 d5 3. exd5 exd5 4. Bd3 Nc6 5. c3 Bd6 6. Nf3 Nge7 7. Bg5 Bg4
8. Nbd2 Qd7 9. Qc2 h6 10. Bh4 Qe6+ 11. Kf1 Qd7 12. Re1 O-O 13. Bg3 Rfe8 14.
h3 Bf5 15. Bxd6 cxd6 16. Bxf5 Nxf5 17. Qd3 Rxe1+ 18. Kxe1 Nfe7 19. g3 Nd8
20. Kf1 Ne6 21. Kg2 Ng6 22. Kh2 Nc7 23. Re1 Ne8 24. Nf1 Nf6 25. N3d2 a6 26.
Kg2 Qc6 27. Ne3 Re8 28. Nc2 Rxe1 29. Nxe1 Qa4 30. Qb1 Qb5 31. Nd3 Nf8 32.
Qc2 Ne6 33. Nc1 g6 34. Nf1 h5 35. h4 Kg7 36. Ne3 Qc6 37. Nd3 a5 38. Qd1 Qb5
1/2-1/2

[Event "21st Czech GM Open"]
[Site "Pardubice CZE"]
[Date "2010.07.23"]
[Round "1"]
[White "Akesson,R"]
[Black "Linster,P"]
[Result "1-0"]
[WhiteElo "2470"]
[BlackElo "2244"]
[EventDate "2010.07.23"]

1. d4 Nf6 2. c4 g6 3. Nc3 Bg7 4. e4 d6 5. h3 O-O 6. Bg5 h6 7. Be3 c5 8. d5
a6 9. a4 Qa5 10. Bd3 e6 11. Nf3 exd5 12. exd5 Nfd7 13. Qd2 Kh7 14. Ne4
Qxd2+ 15. Kxd2 Bxb2 16. Ra2 Be5 17. g4 Rd8 18. Rb1 Kg7 19. Nxe5 Nxe5 20.
Rb6 f5 21. Nxd6 Nbd7 22. Nxc8 Nxb6 23. Nxb6 Rab8 24. Bxc5 1-0

[Event "21st Czech GM Open"]
[Site "Pardubice CZE"]
[Date "2010.07.23"]
[Round "1"]
[White "Vokoun,J"]
[Black "Vokac,M"]
[Result "0-1"]
[WhiteElo "2234"]
[BlackElo "2458"]
[EventDate "2010.07.23"]

1. d4 g6 2. e4 Bg7 3. Nf3 d6 4. h3 Nf6 5. Bd3 O-O 6. O-O Nc6 7. c3 e5 8.
Nbd2 Nh5 9. dxe5 dxe5 10. Nc4 Nf4 11. Bxf4 exf4 12. a4 Be6 13. Re1 Qe7 14.
Qc2 Rad8 15. Be2 a5 16. Qb3 Ne5 17. Nfxe5 Bxe5 18. Qb5 Bxc4 19. Qxc4 Rd2
20. Rab1 c6 21. Red1 Rfd8 22. Kf1 Qh4 23. Rxd2 Rxd2 24. Ke1 f3 25. g3 Qh6
26. Bxf3 Rxb2 27. Rd1 Qg5 28. Kf1 Qf6 29. Rd3 Kg7 30. Be2 Rc2 31. Rf3 Qe7
32. Kg2 Rd2 33. Re3 f6 34. f4 Bd6 35. Kf3 Bc5 36. Rd3 Rb2 37. Rd1 h5 38.
Qd3 Kh7 39. Rd2 Rxd2 40. Qxd2 Kg7 41. Qd3 Bb6 42. Qc4 Qa3 43. e5 Qc1 44.
exf6+ Kxf6 0-1

[Event "21st Czech GM Open"]
[Site "Pardubice CZE"]
[Date "2010.07.23"]
[Round "1"]
[White "Berchtenbreiter,M"]
[Black "Popilski,G"]
[Result "0-1"]
[WhiteElo "2232"]
[BlackElo "2451"]
[EventDate "2010.07.23"]

1. e4 c5 2. Nc3 d6 3. Nge2 a6 4. d4 cxd4 5. Nxd4 e6 6. Bd3 Nf6 7. a4 Nc6 8.
Be3 e5 9. Nxc6 bxc6 10. Bc4 Be6 11. Qe2 d5 12. exd5 cxd5 13. Bxa6 d4 14.
O-O-O Bd7 15. Bb5 dxe3 16. Rxd7 Nxd7 17. Rd1 Ra7 18. Qxe3 Qb8 19. Rd5 f6
20. Rxd7 Rxd7 21. Qh3 Qd6 22. Qf3 Kd8 23. Qa8+ Ke7 24. Bxd7 Qxd7 25. Nd5+
Kf7 26. Nb6 Qe6 27. a5 Rg8 28. Qb7+ Kg6 29. a6 Bc5 30. Nd5 Rd8 31. c4 Rxd5
32. cxd5 Qb6 33. Qxb6 Bxb6 34. f3 Kf7 35. Kd2 Ke7 36. Kd3 f5 37. g4 g6 38.
gxf5 gxf5 39. h3 Kd6 40. Kc4 h5 41. b3 h4 42. b4 Ba7 43. Kb5 Kxd5 44. Ka5
e4 45. fxe4+ fxe4 46. b5 Kc5 0-1

[Event "21st Czech GM Open"]
[Site "Pardubice CZE"]
[Date "2010.07.23"]
[Round "1"]
[White "Klovans,J"]
[Black "Bednar,Ma"]
[Result "1-0"]
[WhiteElo "2444"]
[BlackElo "2229"]
[EventDate "2010.07.23"]

1. e4 c5 2. Nf3 d6 3. d4 cxd4 4. Nxd4 Nf6 5. Nc3 a6 6. Be3 Nc6 7. Qd2 e6 8.
O-O-O Be7 9. f3 Ne5 10. g4 Qc7 11. g5 Nfd7 12. f4 Nc4 13. Bxc4 Qxc4 14. f5
Ne5 15. Rhf1 Bd7 16. Kb1 b5 17. Nce2 Ng4 18. Bg1 Rc8 19. Nf4 Bxg5 20. Qg2
Bxf4 21. Rxf4 h5 22. Rf3 b4 23. h3 e5 24. hxg4 hxg4 25. Rfd3 exd4 26. Rxd4
Qc7 27. Rxd6 Ba4 28. b3 Bb5 29. Bb6 Bf1 30. Qd2 Rh2 31. Qxh2 1-0

[Event "21st Czech GM Open"]
[Site "Pardubice CZE"]
[Date "2010.07.23"]
[Round "1"]
[White "Dimitrijeski,K"]
[Black "Manik,M"]
[Result "1/2-1/2"]
[WhiteElo "2229"]
[BlackElo "2441"]
[EventDate "2010.07.23"]

1. d4 Nf6 2. c4 e6 3. g3 d5 4. Bg2 dxc4 5. Qa4+ c6 6. Qxc4 b5 7. Qd3 Bb7 8.
Nc3 a6 9. Bg5 Be7 10. Nf3 c5 11. dxc5 Qxd3 12. exd3 Bxc5 13. O-O Nbd7 14.
d4 Be7 1/2-1/2

[Event "21st Czech GM Open"]
[Site "Pardubice CZE"]
[Date "2010.07.23"]
[Round "1"]
[White "Baron,Ta"]
[Black "Migot,Tangi"]
[Result "1/2-1/2"]
[WhiteElo "2438"]
[BlackElo "2229"]
[EventDate "2010.07.23"]

1. e4 c5 2. Nf3 d6 3. d4 cxd4 4. Nxd4 Nf6 5. Nc3 a6 6. Bg5 e6 7. f4 Qb6 8.
Qd2 Nc6 9. Bxf6 gxf6 10. Nb3 Bd7 11. O-O-O Na5 12. Kb1 Nxb3 13. axb3 O-O-O
14. Be2 h5 15. Rhf1 Kb8 16. Rf3 Qa5 17. Rh3 Be7 18. Bxh5 Rxh5 19. b4 Rxh3
20. bxa5 Rxh2 21. Qf2 Rg8 22. Rd2 Bc6 23. Ka2 f5 24. Qg1 Rh5 25. Qd1 Rgh8
26. Rxd6 Bxd6 27. Qxd6+ Kc8 28. e5 Rg8 29. b4 Rh2 30. b5 Bxb5 31. Nxb5 axb5
32. a6 bxa6 33. Qxa6+ Kb8 34. Qxb5+ Kc8 35. Qc5+ Kb8 36. Qd6+ Kc8 37. Kb3
Rhxg2 38. c4 R2g3+ 39. Kb4 Rd8 40. Qc6+ Kb8 41. Qb5+ Kc8 42. Kc5 Rd7 43.
Qa6+ Kc7 44. Qa5+ Kb7 45. Qb6+ Kc8 46. Qa6+ Kc7 47. Qb6+ 1/2-1/2

[Event "21st Czech GM Open"]
[Site "Pardubice CZE"]
[Date "2010.07.23"]
[Round "1"]
[White "Klenburg,M"]
[Black "Dauletova,G"]
[Result "0-1"]
[WhiteElo "2437"]
[BlackElo "2226"]
[EventDate "2010.07.23"]

1. g3 g6 2. Bg2 Bg7 3. e4 c5 4. d3 Nc6 5. f4 d6 6. Nf3 e6 7. O-O Nge7 8. c3
O-O 9. Be3 b6 10. Bf2 Ba6 11. Re1 Rc8 12. a4 e5 13. Na3 Qc7 14. Nb5 Qb8 15.
f5 gxf5 16. Nh4 fxe4 17. dxe4 Rcd8 18. Qh5 Bc8 19. Nf5 Nxf5 20. exf5 Ne7
21. g4 a6 22. Na3 Bb7 23. Bxb7 Qxb7 24. c4 f6 25. Nb1 d5 26. Ra3 dxc4 27.
Rh3 h6 28. Be3 Nd5 29. Bxh6 Bxh6 30. Qxh6 Qg7 31. Qc1 b5 32. axb5 axb5 33.
Rg3 Nf4 34. Qc2 Rd3 35. Ree3 Rfd8 36. Nc3 Qd7 37. Rxd3 cxd3 38. Qb3+ c4 0-1

[Event "21st Czech GM Open"]
[Site "Pardubice CZE"]
[Date "2010.07.23"]
[Round "1"]
[White "Berger,Stev"]
[Black "Tate,A"]
[Result "1-0"]
[WhiteElo "2432"]
[BlackElo "2225"]
[EventDate "2010.07.23"]

1. e4 c5 2. Nc3 a6 3. Nf3 d6 4. d4 cxd4 5. Nxd4 Nf6 6. Bc4 e6 7. Bb3 Nbd7
8. Bg5 Nc5 9. f4 h6 10. Bxf6 gxf6 11. f5 h5 12. fxe6 fxe6 13. Qf3 Nxb3 14.
axb3 Qb6 15. O-O-O Bd7 16. Qxf6 Rh6 17. Qg5 Qc5 18. Nd5 exd5 19. Rhf1 Rh8
20. Qg6+ Kd8 21. Qf6+ Kc7 22. Qxh8 Be7 23. Qxa8 1-0

[Event "21st Czech GM Open"]
[Site "Pardubice CZE"]
[Date "2010.07.23"]
[Round "1"]
[White "Petr,Ja1"]
[Black "Seger,R"]
[Result "1/2-1/2"]
[WhiteElo "2224"]
[BlackElo "2429"]
[EventDate "2010.07.23"]

1. e4 c6 2. d4 d5 3. e5 c5 4. Nf3 Nc6 5. dxc5 Bg4 6. Bb5 Qa5+ 7. Nc3 e6 8.
Qd4 Bxf3 9. Bxc6+ bxc6 10. b4 Qc7 11. gxf3 Ne7 12. f4 Nf5 13. Qd3 a5 14.
Ba3 axb4 15. Bxb4 f6 16. O-O fxe5 17. fxe5 Qa7 18. Rab1 Be7 19. Rb3 O-O 20.
Ra3 Qc7 21. Rxa8 Rxa8 22. Re1 Qa7 23. Ne2 Bxc5 24. Bxc5 Qxc5 25. Nf4 Qe7
26. Kf1 Ra3 27. c3 Rxa2 28. Qb1 Qa7 29. Nd3 Nh4 30. Qb4 Nf5 31. Rb1 Ra1 32.
Rxa1 Qxa1+ 33. Kg2 Qa7 34. Nc5 Qe7 35. Qb6 Qe8 36. Qc7 h6 37. Nd7 d4 38.
Qxc6 Kh8 39. cxd4 Nxd4 40. Qb7 Qd8 41. Qb8 1/2-1/2

[Event "21st Czech GM Open"]
[Site "Pardubice CZE"]
[Date "2010.07.23"]
[Round "1"]
[White "Richter,Mic"]
[Black "Volodin,V"]
[Result "1-0"]
[WhiteElo "2428"]
[BlackElo "2222"]
[EventDate "2010.07.23"]

1. d4 d5 2. c4 e6 3. Nc3 c6 4. e4 dxe4 5. Nxe4 Bb4+ 6. Bd2 Qxd4 7. Bxb4
Qxe4+ 8. Ne2 Na6 9. Bf8 Ne7 10. Bxg7 Rg8 11. Bf6 Rg6 12. Qd4 Qxd4 13. Bxd4
c5 14. Bc3 Nb4 15. Kd2 Bd7 16. a3 Na6 17. Re1 O-O-O 18. Kc1 Ba4 19. Nf4 Rg4
20. g3 Ng6 21. h3 Rxf4 22. gxf4 Nxf4 23. Rg1 Nd3+ 24. Bxd3 Rxd3 25. Re3 Rd7
26. Be5 b6 27. b3 f6 28. Bxf6 Rf7 29. Rg8+ Kd7 30. Rg7 1-0

[Event "21st Czech GM Open"]
[Site "Pardubice CZE"]
[Date "2010.07.23"]
[Round "1"]
[White "Laubsch,B"]
[Black "Nurkiewicz,M"]
[Result "0-1"]
[WhiteElo "2221"]
[BlackElo "2428"]
[EventDate "2010.07.23"]

1. e4 c5 2. Nf3 d6 3. d4 cxd4 4. Nxd4 Nf6 5. Nc3 e6 6. g4 h6 7. g5 hxg5 8.
Bxg5 Be7 9. Qd2 Nc6 10. O-O-O a6 11. h4 Bd7 12. f4 Qc7 13. Bg2 Na5 14. b3
Rc8 15. Nce2 Nc6 16. Kb1 Qb6 17. Bf3 a5 18. h5 a4 19. Nxc6 Bxc6 20. Qd3 Bb5
21. Qd4 Qc5 22. c4 Bd7 23. Bxf6 gxf6 24. Qxc5 Rxc5 25. h6 Rh7 26. Rh3 Bf8
27. Rdh1 b5 28. cxb5 Bxb5 29. Kb2 Bd3 30. Nc1 Bb5 31. Ne2 Bc6 32. Nc3 axb3
33. axb3 Kd7 34. R1h2 Bb7 35. Be2 Rc8 36. Bb5+ Kc7 37. Bd3 Bc6 38. Bb5 Be7
39. f5 Kd7 40. Rg3 Rch8 41. Rg7 Rxg7 42. hxg7 Rxh2+ 0-1

[Event "21st Czech GM Open"]
[Site "Pardubice CZE"]
[Date "2010.07.23"]
[Round "1"]
[White "Potapov,Alexa1"]
[Black "Bartos,J"]
[Result "1-0"]
[WhiteElo "2426"]
[BlackElo "2214"]
[EventDate "2010.07.23"]

1. d4 f5 2. Nc3 Nf6 3. Bg5 d5 4. Bxf6 exf6 5. e3 c6 6. Bd3 Be6 7. Qf3 g6 8.
h3 h5 9. Nge2 Nd7 10. O-O-O Qa5 11. g4 fxg4 12. Bxg6+ Ke7 13. Qg3 h4 14.
Qh2 gxh3 15. Nf4 Bg4 16. Rdg1 f5 17. Rf1 Bh6 18. f3 Bxf4 19. Qxf4 Bh5 20.
Bxf5 Raf8 21. Rxh3 Qd8 22. Rxh4 Qb8 23. Qxb8 Nxb8 24. e4 Bf7 25. Rfh1 Rxh4
26. Rxh4 Nd7 27. Bxd7 Kxd7 28. Kd2 Rg8 29. Rh7 Rg2+ 30. Ke3 Ke8 31. exd5
cxd5 32. Nb5 Bg6 33. Nc7+ Kf8 34. Ne6+ Kg8 35. Rg7+ Kh8 36. c3 b5 37. b4 a6
38. a3 1-0

[Event "21st Czech GM Open"]
[Site "Pardubice CZE"]
[Date "2010.07.23"]
[Round "1"]
[White "Orlov,E"]
[Black "Fedorovsky,M"]
[Result "1/2-1/2"]
[WhiteElo "2214"]
[BlackElo "2423"]
[EventDate "2010.07.23"]

1. e4 c5 2. f4 d5 3. exd5 Nf6 4. Bb5+ Bd7 5. Bxd7+ Qxd7 6. c4 e6 7. Qe2 Be7
8. dxe6 fxe6 9. Nf3 Nc6 10. Ne5 Qc7 11. Nxc6 Qxc6 12. Nc3 O-O 13. O-O Rad8
14. b3 Ne8 15. Ne4 Nd6 16. Nxd6 Qxd6 17. Bb2 Bf6 1/2-1/2

[Event "21st Czech GM Open"]
[Site "Pardubice CZE"]
[Date "2010.07.23"]
[Round "1"]
[White "Kalajzic,I"]
[Black "Semcesen,D"]
[Result "0-1"]
[WhiteElo "2213"]
[BlackElo "2420"]
[EventDate "2010.07.23"]

1. b3 b6 2. Bb2 Bb7 3. e3 e6 4. Nf3 f5 5. c4 Nf6 6. Nc3 g6 7. d4 Bg7 8. d5
Na6 9. dxe6 dxe6 10. Nb5 Qe7 11. Ba3 Nc5 12. b4 Nce4 13. Qa4 O-O 14. Nbd4
c5 15. bxc5 Nxc5 16. Be2 Nfe4 17. Qc2 e5 18. Nb3 Nd3+ 19. Bxd3 Qxa3 20. O-O
Rac8 21. Qc1 Qe7 22. Be2 Qb4 23. Qe1 Nc3 24. Nfd2 Ba6 25. a3 Qa4 26. Rc1
Nxe2+ 27. Qxe2 b5 28. Qd3 bxc4 29. Qd5+ Kh8 30. Nc5 Qa5 0-1

[Event "21st Czech GM Open"]
[Site "Pardubice CZE"]
[Date "2010.07.23"]
[Round "1"]
[White "Kopasov,A"]
[Black "Golichenko,I"]
[Result "0-1"]
[WhiteElo "2213"]
[BlackElo "2419"]
[EventDate "2010.07.23"]

1. d4 Nf6 2. c4 e6 3. Nf3 b6 4. g3 Bb7 5. Bg2 Be7 6. O-O O-O 7. Nc3 Ne4 8.
Qc2 Nxc3 9. Qxc3 f5 10. d5 Na6 11. a3 Nc5 12. Rd1 Qe8 13. dxe6 dxe6 14. Bf4
Bf6 15. Qe3 Bxb2 16. Rab1 Na4 17. Be5 Bxe5 18. Qxe5 Qe7 19. Nd4 Bxg2 20.
Kxg2 Nc3 21. Nxf5 Qf6 0-1

[Event "21st Czech GM Open"]
[Site "Pardubice CZE"]
[Date "2010.07.23"]
[Round "1"]
[White "Vaibhav,S"]
[Black "Dovzhenko,V"]
[Result "1-0"]
[WhiteElo "2419"]
[BlackElo "2211"]
[EventDate "2010.07.23"]

1. e4 c5 2. Nf3 d6 3. d4 cxd4 4. Nxd4 Nf6 5. Nc3 a6 6. Be2 e5 7. Nb3 Be7 8.
O-O Be6 9. Bf3 Nbd7 10. Re1 Qc7 11. a4 Rc8 12. Nd2 O-O 13. Nf1 Nb6 14. Ne3
Rfd8 15. Ncd5 Nbxd5 16. exd5 Bd7 17. a5 Rf8 18. c4 Ne8 19. Be2 f5 20. b4 f4
21. Nf1 f3 22. gxf3 Nf6 23. Ng3 h6 24. Kh1 Nh7 25. Ne4 Bf5 26. Bd3 Bxe4 27.
Rxe4 Bg5 28. Rg4 Nf6 29. Rg1 Bxc1 30. Rxc1 Qd7 31. Bg6 Qh3 32. Rg3 Qh4 33.
Qd3 Qf4 34. Rc2 Kh8 35. Rg1 Qh4 36. Qe2 Qf4 37. Bd3 Rce8 38. Be4 Qh4 39. c5
Nxe4 40. fxe4 dxc5 41. bxc5 Qd8 42. Qe1 Rf3 43. Rg3 Ref8 44. c6 bxc6 45.
dxc6 R3f7 46. Kg2 Rc7 47. Qc3 Qf6 48. Qc4 Rfc8 49. Qxa6 Qf4 50. Qe2 Rxc6
51. Rxc6 Rxc6 52. Qf3 Ra6 53. Qxf4 exf4 54. Ra3 g5 55. Kf3 Kg7 56. h4 Kf6
57. hxg5+ Kxg5 58. Ra4 h5 59. Ra1 h4 60. Kg2 Kg4 61. f3+ Kh5 62. Kh3 Kg5
63. Rg1+ Kh5 64. Rg4 Rxa5 65. Rxh4+ Kg5 66. Rg4+ Kf6 67. Rxf4+ Ke6 68. Rh4
Rg5 69. Rg4 Rh5+ 70. Kg3 Ke5 71. Kf2 Kd4 72. Rg8 Rh2+ 73. Kg3 Rh7 74. Rg5
Rf7 75. Rf5 Rg7+ 76. Kf4 Rd7 77. Rd5+ Rxd5 78. exd5 Kxd5 79. Kf5 Kd6 80.
Kf6 Kd7 81. f4 Ke8 82. Kg7 1-0

[Event "21st Czech GM Open"]
[Site "Pardubice CZE"]
[Date "2010.07.23"]
[Round "1"]
[White "Pozin,S"]
[Black "Yakimenko,A"]
[Result "1-0"]
[WhiteElo "2414"]
[BlackElo "2211"]
[EventDate "2010.07.23"]

1. d4 Nf6 2. Nf3 b6 3. Bf4 Bb7 4. e3 e6 5. Bd3 Be7 6. O-O O-O 7. c4 c5 8.
Nc3 cxd4 9. Nxd4 d6 10. Ndb5 e5 11. Bg5 Nbd7 12. Bf5 Ne8 13. Bxe7 Qxe7 14.
Be4 Nc5 15. Bxb7 Nxb7 16. Nd5 Qd8 17. b4 Nf6 18. Rc1 Nxd5 19. cxd5 Qd7 20.
a4 Rfc8 21. Rxc8+ Qxc8 22. Qc1 a6 23. Na7 Qb8 24. Nc6 Qe8 25. Qb2 Nd8 26.
Rc1 f6 27. e4 Nf7 28. f3 g5 29. Qf2 b5 30. Qb6 bxa4 31. Ra1 g4 32. fxg4 Ng5
33. h4 Nxe4 34. Qe3 f5 35. Rf1 a3 36. Rxf5 a2 37. Rf1 Qd7 38. Qxe4 Rf8 39.
Ra1 Rf4 40. Qe2 Rxg4 41. Rxa2 Rxh4 42. Rxa6 Qb7 43. b5 Rf4 44. b6 Kh8 45.
Qa2 Rf8 46. Qa3 Rg8 47. Qd3 Rf8 48. Kh2 Qg7 49. Ra4 Rg8 50. Qh3 Qb7 51. Ra7
1-0

[Event "21st Czech GM Open"]
[Site "Pardubice CZE"]
[Date "2010.07.23"]
[Round "1"]
[White "Hoffmann,Hen"]
[Black "Zaslavsky,M"]
[Result "0-1"]
[WhiteElo "2209"]
[BlackElo "2413"]
[EventDate "2010.07.23"]

1. e4 c5 2. Nf3 Nc6 3. c3 Nf6 4. e5 Nd5 5. d4 cxd4 6. cxd4 d6 7. Bc4 Nb6 8.
Bb3 d5 9. h3 Bf5 10. O-O e6 11. Bg5 Qd7 12. Nc3 h6 13. Be3 Be7 14. Na4 Nc4
15. Qe2 O-O 16. Nc5 Bxc5 17. dxc5 N6xe5 18. Nxe5 Nxe5 19. Bxh6 f6 20. f4
Nc6 21. Rad1 gxh6 22. g4 Qg7 23. Rf3 Be4 24. Rg3 Kh8 25. Kh2 e5 26. fxe5
fxe5 27. Bxd5 Bxd5 28. Rxd5 Qf7 29. Rd2 Qf4 30. g5 Nd4 31. Rxd4 Qxd4 32.
Qh5 Rf2+ 33. Kh1 Qe4+ 0-1

[Event "21st Czech GM Open"]
[Site "Pardubice CZE"]
[Date "2010.07.23"]
[Round "1"]
[White "Oresky,J"]
[Black "Allahverdiev,A"]
[Result "0-1"]
[WhiteElo "2209"]
[BlackElo "2410"]
[EventDate "2010.07.23"]

1. e4 c5 2. Nf3 Nc6 3. d4 cxd4 4. Nxd4 g6 5. Nc3 Bg7 6. Be3 Nf6 7. Bc4 O-O
8. Bb3 d6 9. f3 Na5 10. Qd2 Nxb3 11. axb3 Re8 12. O-O-O Qa5 13. Kb1 Bd7 14.
h4 Rab8 15. Nde2 b5 16. h5 b4 17. hxg6 bxc3 18. gxf7+ Kxf7 19. Nxc3 Rec8
20. g4 Rc6 21. Na4 Qxd2 22. Rxd2 Ra6 23. g5 Nxe4 24. fxe4 Bxa4 25. Rxh7 Bc6
26. Rf2+ Kg6 27. Rh4 Ra5 28. Bd2 Rc5 29. Be3 Re5 30. Bxa7 Ra8 31. Bd4 Rea5
32. c3 Bxd4 33. cxd4 Rxg5 34. Kc2 Rc8 35. Kd2 Rb8 36. Kc2 Rg3 37. d5 Bb5
38. Rhf4 Bd3+ 39. Kd1 Rxb3 40. Rf8 Bxe4 0-1

[Event "21st Czech GM Open"]
[Site "Pardubice CZE"]
[Date "2010.07.23"]
[Round "1"]
[White "Netzer,Ja"]
[Black "Nithander,V"]
[Result "0-1"]
[WhiteElo "2208"]
[BlackElo "2409"]
[EventDate "2010.07.23"]

1. e4 d6 2. d4 Nf6 3. Nc3 g6 4. Bg5 Bg7 5. Qd2 c6 6. f4 O-O 7. Nf3 b5 8.
Bd3 Bg4 9. O-O Qb6 10. Ne2 Nbd7 11. Kh1 Rae8 12. f5 Bxf3 13. Rxf3 e5 14.
fxe6 Rxe6 15. Qf4 Nh5 16. Qh4 Bxd4 17. g4 Nhf6 18. c3 Be5 19. Raf1 d5 20.
exd5 cxd5 21. Bf5 gxf5 22. gxf5 Ree8 23. Bh6 Kh8 24. Bxf8 Rxf8 25. Nf4 Rg8
26. Nh5 d4 27. Nxf6 Nxf6 28. cxd4 Bxd4 29. b3 b4 30. Qf4 Rg4 31. Qh6 Qc6
32. Qh3 Qe4 33. Rc1 Kg7 34. Rd1 h5 35. Rdf1 Nh7 36. f6+ Kg6 0-1

[Event "21st Czech GM Open"]
[Site "Pardubice CZE"]
[Date "2010.07.23"]
[Round "1"]
[White "Aguettaz,M"]
[Black "Vesely,L"]
[Result "1-0"]
[WhiteElo "2406"]
[BlackElo "2205"]
[EventDate "2010.07.23"]

1. Nf3 d5 2. d4 Nf6 3. c4 dxc4 4. Nc3 a6 5. a4 c5 6. d5 e6 7. e4 exd5 8. e5
d4 9. Bxc4 Be6 10. Bxe6 fxe6 11. exf6 gxf6 12. Ne4 Be7 13. Qb3 Qd7 14. Bh6
Rg8 15. Rc1 Rg6 16. Bd2 Qc6 17. Ng3 Nd7 18. O-O e5 19. Nh4 Rg4 20. Nhf5 b5
21. Qd1 Rg6 22. Qh5 Nf8 23. f4 Kd8 24. fxe5 fxe5 25. Nxe7 Kxe7 26. Qxe5+
Ne6 27. axb5 axb5 28. Ra1 Ra4 29. b3 Ra6 30. Rxa6 Qxa6 31. Nf5+ Kd7 32.
Qd5+ Kc7 33. Nd6 Kb6 34. Ba5+ 1-0

[Event "21st Czech GM Open"]
[Site "Pardubice CZE"]
[Date "2010.07.23"]
[Round "1"]
[White "Ageichenko,G"]
[Black "Congiu,M"]
[Result "1/2-1/2"]
[WhiteElo "2402"]
[BlackElo "2199"]
[EventDate "2010.07.23"]

1. e4 d5 2. exd5 Qxd5 3. Nc3 Qa5 4. d4 Nf6 5. Nf3 c6 6. Bc4 Bf5 7. Ne5 e6
8. Bb3 Nbd7 9. Nc4 Qd8 10. Bf4 Nb6 11. Ne3 Bg6 12. O-O Be7 13. Be5 Nbd7 14.
Bg3 O-O 15. Ne2 Nh5 16. Nf4 Nxf4 17. Bxf4 Nf6 18. c4 Qd7 19. Be5 Ne4 20. f3
Bg5 21. Ng4 Nd2 22. f4 Nxb3 23. fxg5 Nxa1 24. Qxa1 Qd8 25. Qc1 Bf5 26. Qf4
Bxg4 27. Qxg4 Qa5 28. a3 Qd2 29. h4 c5 30. h5 Rad8 31. h6 Qe3+ 32. Kh1 Rxd4
33. Bxd4 Qxd4 34. Rf4 Qxb2 35. Qg3 Qe5 36. hxg7 Qxg7 37. Rf6 b6 38. Kh2 Kh8
39. Kh3 Rg8 40. Qe5 Qxg5 41. Qxg5 Rxg5 42. Rxf7 Re5 43. Rxa7 Re4 44. Rb7
Rxc4 45. Rxb6 e5 46. Re6 Rc3+ 47. Kg4 Rxa3 48. Rxe5 c4 49. Rc5 c3 50. Rc7
1/2-1/2

[Event "21st Czech GM Open"]
[Site "Pardubice CZE"]
[Date "2010.07.23"]
[Round "1"]
[White "Aharon,O"]
[Black "Fernandez,Dan SIN"]
[Result "0-1"]
[WhiteElo "2199"]
[BlackElo "2401"]
[EventDate "2010.07.23"]

1. e4 c5 2. Nf3 g6 3. d4 cxd4 4. Nxd4 Bg7 5. Nc3 d6 6. Be3 Nf6 7. f3 O-O 8.
Bc4 a6 9. Qd2 b5 10. Bb3 Bb7 11. h4 h5 12. g4 hxg4 13. h5 Nxh5 14. Rxh5
gxh5 15. Bh6 e6 16. O-O-O Nc6 17. Nxc6 Bxc6 18. fxg4 h4 19. Rf1 Kh7 20.
Bxg7 Kxg7 21. g5 a5 22. Rf6 Qb6 23. Rf1 a4 24. Bd5 exd5 25. exd5 Bd7 26.
Ne4 Rae8 27. Qc3+ Re5 28. Qf3 Rxe4 29. Qxe4 Re8 30. Qxh4 Qe3+ 31. Kb1 Bf5
32. Rh1 Qe5 33. a3 Rc8 34. Re1 Qxd5 35. Rh1 Qe5 36. Re1 Bxc2+ 37. Ka1 Bg6
38. Ka2 Qd5+ 39. Ka1 Qd2 0-1

[Event "21st Czech GM Open"]
[Site "Pardubice CZE"]
[Date "2010.07.23"]
[Round "1"]
[White "Csiba,D"]
[Black "Fiderer,L"]
[Result "1-0"]
[WhiteElo "2393"]
[BlackElo "2192"]
[EventDate "2010.07.23"]

1. e4 c5 2. Nf3 d6 3. d4 cxd4 4. Nxd4 Nf6 5. Nc3 g6 6. Bc4 Bg7 7. O-O O-O
8. Re1 Nc6 9. Bb3 Na5 10. h3 a6 11. Nd5 Nxb3 12. axb3 e6 13. Nc3 Bd7 14.
Bg5 Qb6 15. Qd2 Bc6 16. Rad1 d5 17. e5 Nd7 18. Nf3 Rfe8 19. Qf4 Qc7 20. Qd4
b5 21. Bf6 Bxf6 22. exf6 b4 23. Qxb4 Nxf6 24. Qh4 Nh5 25. Ne5 Bb7 26. Rd4
Qe7 27. Na4 Qxh4 28. Rxh4 Rac8 29. c3 Nf6 30. f3 Re7 31. Rb4 Rcc7 32. Rb6
Nd7 33. Nxd7 Rexd7 34. b4 Rc6 35. Nc5 Rxb6 36. Nxd7 Rc6 37. Kf2 Bc8 38. Ne5
Rc7 39. g4 f6 40. Nd3 g5 41. Ke3 Kf7 42. Ra1 Ke7 43. h4 gxh4 44. Rh1 Kd6
45. Rxh4 Rf7 46. Rh6 Bb7 47. f4 Ke7 48. Kd4 Kd6 49. b3 Rg7 50. Rxf6 Rxg4
51. Rf7 Bc8 52. c4 dxc4 53. bxc4 Rg1 54. c5+ Kc6 55. Kc4 1-0

[Event "21st Czech GM Open"]
[Site "Pardubice CZE"]
[Date "2010.07.24"]
[Round "2"]
[White "Safarli,E"]
[Black "Csiba,D"]
[Result "1-0"]
[WhiteElo "2603"]
[BlackElo "2393"]
[EventDate "2010.07.23"]

1. e4 c5 2. Nf3 d6 3. d4 cxd4 4. Nxd4 Nf6 5. Nc3 a6 6. Be3 e5 7. Nf3 Be7 8.
Bc4 O-O 9. O-O Nc6 10. Bb3 h6 11. Nd2 Na5 12. Nc4 Nxc4 13. Bxc4 Be6 14. Bb3
Rc8 15. f3 Nd7 16. Qe2 Qc7 17. Rfd1 Rfd8 18. Nd5 Bxd5 19. Rxd5 Nc5 20. c3
Ne6 21. Rad1 Qc6 22. g3 Bf8 23. R5d2 Re8 24. Rf1 Rc7 25. Bd5 Qd7 26. f4
exf4 27. gxf4 Kh8 28. f5 Nd8 29. Qg4 Nc6 30. Qg3 Ne5 31. Bxh6 1-0

[Event "21st Czech GM Open"]
[Site "Pardubice CZE"]
[Date "2010.07.24"]
[Round "2"]
[White "Fernandez,Dan SIN"]
[Black "Kononenko,Dmitry1"]
[Result "0-1"]
[WhiteElo "2401"]
[BlackElo "2590"]
[EventDate "2010.07.23"]

1. f4 d5 2. Nf3 g6 3. c3 Bg7 4. d3 Nc6 5. g3 e5 6. fxe5 Nxe5 7. Nxe5 Bxe5
8. Bg2 c6 9. O-O h5 10. Nd2 h4 11. Nf3 Bd6 12. gxh4 Rxh4 13. e4 dxe4 14.
Qe1 Rh5 15. dxe4 Be6 16. e5 Bc5+ 17. Kh1 Bc4 18. Bf4 Qd7 19. b4 Bxf1 20.
Qxf1 Qg4 21. Bd2 Bb6 22. a4 Ne7 23. a5 Nf5 24. Be1 Ne3 25. Qf2 Nxg2 26.
axb6 Nxe1 27. Nxe1 Rf5 28. Qg2 Qc4 29. Nc2 Qxc3 30. e6 a6 31. b5 Rd8 32.
Qe4 axb5 33. e7 Rc8 34. Ra7 Qd2 35. Ne3 Qe1+ 36. Kg2 Qf2+ 37. Kh1 Qe1+ 38.
Kg2 Qe2+ 39. Kg3 Qf2+ 40. Kg4 Rh5 0-1